Gabati : a Meroitic, post-Meroitic and medieval cemetery in central Sudan /

محفوظ في:

المؤلف الرئيسي: Judd, Margaret A. (مؤلف)

التنسيق: كتاب

اللغة: English

منشور في: Oxford : Archaeopress, 2012.

سلاسل: Sudan Archaeological research society publication ; 20.
SARSP ; 20.
BAR International Series ; 2442.

الموضوعات:

الوسوم: إضافة وسم

لا توجد وسوم, كن أول من يضع وسما على هذه التسجيلة!

رقم الطلب: DT129 .S51 v.20

LEADER 01027namaa2200289 4500
001 24576
003 OSt
005 20250730125551.0
008 130303s2012 enk 000 0 eng d
020 |a 9781407310466 
040 |c ARCE Library 
043 |a f-sj--- 
050 4 |a DT129 .S51 v.20 
100 1 |a Judd, Margaret A.,  |e author 
245 1 0 |a Gabati :   |b a Meroitic, post-Meroitic and medieval cemetery in central Sudan /   |c Margaret A. Judd with contributions by David N. Edwards. 
264 1 |a Oxford :   |b Archaeopress,   |c 2012. 
300 |a volume <2> ;   |c 30 cm. 
490 0 |a Sudan Archaeological research society publication ;   |v 20. 
490 0 |a SARSP ;   |v 20. 
490 0 |a BAR International Series ;   |v 2442. 
505 1 |g V. 2. The physical anthropology / Margaret A. Judd ; with a contribution by David N. Edwards. 
650 0 |a Excavations (Archaeology)   |z Sudan. 
650 0 |a Cemeteries   |z Sudan. 
651 0 |a Gabati Site (Sudan)  |v Antiquities.  |9 19609 
901 |a reviewed 
942 |c BK  |2 lcc 
999 |c 22836  |d 22836